| 000 | 00519nam a2200193Ia 4500 | ||
|---|---|---|---|
| 003 | GCL | ||
| 008 | 140319s9999 xx 000 0 eng d | ||
| 040 |
_aGCL / _cGCL |
||
| 082 | 0 | 4 |
_aREF _b378.4 _bM A |
| 100 | 1 | _aMARPHY ,LAWRACE R | |
| 245 | 1 | 0 |
_aTHE AMERICAN UNIVERSTY IN CAIRO 1919 -1987 / _cMARPHY ,LAWRACE R |
| 260 |
_a[S.N] : _bTHE AMERICAN UNIVERSITY IN CAIRO PRESS ، _c1987 |
||
| 300 | _a288 | ||
| 650 | 0 | 4 | _aUNIVERSITIES |
| 650 | 0 | 4 | _aEGYPT |
| 650 | 0 | 4 | _aEDUCATION |
| 650 | 0 | 4 | _aCAIRO |
| 942 |
_2ddc _cCR |
||
| 999 |
_c25875 _d25875 |
||